| 000 | 00549nam a2200205Ia 4500 | ||
|---|---|---|---|
| 005 | 20230628110013.0 | ||
| 008 | 131103s9999 xx 000 0 und d | ||
| 040 | _aLoreto College | ||
| 041 | _aEnglish | ||
| 082 |
_a301.431 _bFUS |
||
| 100 | _aFuster,J.M. | ||
| 245 |
_aPsychological counselling in India _cJ.M.Fuster |
||
| 260 |
_aBombay _bMacMillan and Co. _c1964 |
||
| 300 |
_ax,261 p. _b ill., tables |
||
| 504 | _aIncludes references and index | ||
| 650 | _aPsychology | ||
| 651 | _aIndia - Psychology | ||
| 850 | _aLCLIB | ||
| 942 | _cBK | ||
| 999 |
_c11051 _d61530 |
||